Propagačné predmety a náklady na reklamu

Investovanie do reklamy ako spôsob vykázania efektívneho zníženia základu dane. Definícia propagačných predmetov. Reklama, propagačné predmety a zákon o daniach z príjmov. Propagačné predmety a ich účtovanie. Praktické príklady.

Enregistré dans:
Détails bibliographiques
Auteur principal: Mintál, Ján
Format: Chapitre de livre
Langue:slovaque
Sujets:
Tags: Ajouter un tag
Pas de tags, Soyez le premier à ajouter un tag!

MARC

LEADER 00000naa a2200000 4500
001 r043405
005 20231002123046.3
041 0 |a slo 
044 |a SK 
245 1 0 |a Propagačné predmety a náklady na reklamu  |c Ján Mintál 
520 |a Investovanie do reklamy ako spôsob vykázania efektívneho zníženia základu dane. Definícia propagačných predmetov. Reklama, propagačné predmety a zákon o daniach z príjmov. Propagačné predmety a ich účtovanie. Praktické príklady. 
610 2 0 |a účtovníctvo 
610 2 0 |a propagácia 
610 2 0 |a reklama 
610 2 0 |a dane z príjmov 
610 2 0 |a dane z príjmov 
610 2 0 |a dary 
610 2 0 |a základ dane 
100 1 |a Mintál, Ján